Famiglia, l'amore che riapre la storia (Record n. 359095)

Dettagli MARC
000 -LEADER
campo di controllo lung. fissa 00840nam a22002177a 4500
003 - Identificatore del numero di controllo
campo di controllo IT-MiCISF
005 - Data e orario dell'ultima transazione
campo di controllo 20251115235952.0
008 - Elementi di lunghezza fissa--Informazione generale
campo di controllo lung. fissa 201228b ||||| |||| 00| 0 eng d
040 ## - Fonte della catalogazione
Agenzia che fa la trascrizione IT-MiCISF
041 ## - Codice di lingua
Codice di lingua del testo/traccia sonora o titolo separato it
100 ## - Accesso principale -- nome di persona
Nome di persona Paglia Vincenzo (et al.)
9 (RLIN) 56088
245 ## - Formulazione del titolo
Titolo Famiglia, l'amore che riapre la storia
250 ## - Formulazione di edizione
Formulazione di edizione "Noi famiglia e vita", n. 253, luglio
260 ## - Pubblicazione, distribuzione, ecc. (stampa)
Data di pubblicazione, distribuzione, ecc. 2020
300 ## - Descrizione fisica
Estensione pp. 4-36
500 ## - Nota generale
Nota generale pastorale-familiare, amoris-laetitia, teologia, spiritualità-familiare, paternità, diritto-di-famiglia
650 ## - Accesso aggiunto di soggetto--termine topico
Termine topico o nome geografico come accesso pastorale-familiare
9 (RLIN) 56039
654 ## - Accesso aggiunto di soggetto--termini topici faccettati
Termine principale rivista
700 ## - Accesso aggiunto--nome di persona
Nome di persona Sequeri P., Guenzi P., Pagazzi C., Ciucci A., Quinzi G., Chiodi M.,
-- Grazioli O.R., Rosito V., Rizzoli M., Diriart A., Zanardo S.Salmeri G.,
-- Donatello V., Marengo G., Prandini R., Valentini N.
9 (RLIN) 58702
942 ## - Dati aggiuntivi (Koha)
Fonte della classificazione o dello schema di collocazione (segnatura) Dewey Decimal Classification
Tipo copia default (Koha) RIVISTA
Dati di copia
Ritirato (status) Perso (status) Fonte della classificazione o dello schema di collocazione (segnatura) Danneggiato (status) Non per il presito Biblioteca proprietaria Biblioteca in cui si trova Data d'acquisizione Totale prestiti Collocazione Data ultima operazione Prezzo in vigore dal Tipo copia default (Koha)
    Dewey Decimal Classification Buone Condizioni Not For Loan CISF - Milano CISF - Milano 28/12/2020   dp5/25 28/12/2020 28/12/2020 RIVISTA
CREDITS: SOCIETA' SAN PAOLO Via A.Severo, 58 - ROMA (RM) & PERIODICI SAN PAOLO SRL Via Giotto, 36 MILANO & CISF Via Giotto, 36 MILANO & EDIZIONI SAN PAOLO SRL,  Piazza Soncino, 5 CINISELLO BALSAMO (MI) -- ITALY